| 000 | 02263nam a2200241Ia 4500 | ||
|---|---|---|---|
| 001 | b2004-22460 [955] | ||
| 003 | IT-MiCISF | ||
| 005 | 20240507124337.0 | ||
| 008 | 161014s9999||||xx |||||||||||||| ||und|| | ||
| 040 |
_aIT-MiCISF _cIT-MiCISF |
||
| 041 | _ait | ||
| 100 |
_aDonati Pierpaolo (a cura di) _959326 |
||
| 245 | 0 | _aPrimo rapporto sulla famiglia in Italia | |
| 260 |
_aCinisello Balsamo (MI), _bEdizioni Paoline, _c1989 |
||
| 300 | _app. 310 | ||
| 500 | _a famiglia, divorzio, infanzia, adolescenza, coppia, donna, servizi, economia, diritto-di-famiglia, convivenza | ||
| 520 | _aQuella che negli anni ’70 è stata chiamata la "rivoluzione silenziosa" della famiglia, è andata avanti. Ma, verso dove? Quali sentieri ha preso? Come si pone oggi il problema della famiglia, con tutto ciò che essa comporta, in Italia? Questo Primo Rapporto sulla famiglia in Italia, promosso dal Centro Internazionale Studi Famiglia, intende appunto rispondere a tali interrogativi con una indagine che fornisca al pubblico italiano e internazionale una visione complessiva nella condizione famigliare in Italia. Se negli anni ’70 la famiglia veniva data quasi per "spacciata", con gli anni ’80 è emersa una indubbia rivalutazione, che però rimane vaga quanto al suo contenuto e al suo senso. La conclusione di questo Rapporto è che la società attuale genera una forma generalizzata di famiglia che si può chiamare "auto-poietica" in quanto si fa norma a se stessa e sfugge "eccede" la società stessa. Tale forma di famiglia è profondamente ambivalente, perché è forte e debole al contempo: in essa si trova un particolare raffinamento psicologico e culturale, ma si trova anche solitudine e isolamento. La società appare incerta su come reagire ai cambiamenti. Il Rapporto discute i vari orientamenti di intervento alla luce dell’idea che la società italiana possa svilupparsi in modo da riconoscere nella famiglia una forma di vita decisiva per la qualità dell’esistenza umana. | ||
| 650 |
_afamiglia _956036 |
||
| 654 | _asaggio | ||
| 700 |
_aDonati P., Barbero Avanzini B., Calvi G., Cigoli V., Collicelli C., Di Nicola P., _aDe Rita G., Fumagalli Carulli O., Rossi Sciumé G., Scabini G. _959659 |
||
| 942 |
_cBK _2ddc |
||
| 999 |
_c215515 _d215515 |
||
| 999 | _bsi | ||